Datum a čas kvízu
34.5
Celkem bodů
Celkový počet nahraných bodů na tomto kvízu bez doplňovacích otázek.
10.
Pořadí na kvízu
Konečné umístění týmu na tomto kvízu.
Zaznamenané odpovědi
| # | Otázka | Odpověď | Body | Výsledky |
|---|---|---|---|---|
| 1. | Minulý týden se on-line konal... | Michal Šmarda | 1 | |
| 2. | Policie vyšetřuje nález stop k... | ve Velké Británii | 1 | |
| 3. | Minulý týden jsme se dozvěděli... | s Pavlem Nedvědem | 1 | |
| 4. | Kanadským výrobcům se kvůli ro... | o javorový sirup | 1 | |
| 5. | Čeští reprezentanti si odvážej... | ve florbalu | 1 | |
| 6. | Ve které zemi rozdává dětem dá... | v Itálii | 1 | |
| 7. | Lidé na Islandu se drží tradic... | C | 1 | |
| 8. | Napište, jak se jmenuje nejvýc... | Čukotka | 0 | |
| 9. | Které pečené zvíře je tradiční... | krocan (krůta) | 0 | |
| 10. | V Austrálii si lidé dle tradic... | B | 0 |